000 00458nam a2200181Ia 4500
001 17682
005 20260306171535.0
008 260306s9999||||xx |||||||||||||| ||und||
041 _aESP
082 _a658.15
_bD69
100 _aDiaz Cruz, Maria Constanza
_eAUT
245 0 _aPresupuestos:
_benfoque para la planeación financiera
260 _c2012
300 _a396 pƔginas :
_c27 cm.
650 _aGEN
654 _aCAN
942 _cLIB
_dJUS
_fJUS
_2ddc
_n
999 _c17682
_d17682